Attractions touristiques célèbres par images #1 - Statistiques

Statistiques générales
  • Ce quiz a été pris 17 142 fois
    14 583 depuis la dernière actualisation
  • Le résultat moyen est 12 sur 18
Statistiques - réponses
Par images Réponse % Correct
Statue de la Liberté
99%
Tour Eiffel
99%
Grande Muraille
96%
Pyramides égyptiennes
96%
Tour de Pise
95%
Colisée
86%
Taj Mahal
86%
Opéra de Sydney
78%
Empire State Building
72%
Machu Picchu
67%
Mont Fuji
61%
Pont du Golden Gate
55%
Stonehenge
52%
Porte de {Brandebourg}
45%
La Petite Sirène
42%
{Washington} Monument
26%
Mont du {Pain} {de} {Sucre}
24%
Le Cervin
16%
Aucun quiz correspondant
Distribution des résultats
% des personnes avec chaque résultat
Percentile par nombre de réponses
Votre historique - résultats
Vous n’avez pas pris ce quiz depuis la dernière actualisation